7 Perso - 1 Pts Commun - Harry Potter #11 - Statistiques

Statistiques générales
  • Ce quiz a été pris 570 fois
  • Le résultat moyen est 4 sur 7
Statistiques - réponses
Personnages % Correct
Hermione Granger
99%
Harry Potter
98%
Neville Londubat
81%
Albus Dumbledore
43%
Voldemort
33%
Vincent Crabbe
24%
Destructeurs Horcruxes
19%
Aucun quiz correspondant
Distribution des résultats
% des personnes avec chaque résultat
Percentile par nombre de réponses
Votre historique - résultats
Vous n’avez pas pris ce quiz